000 00690nam a2200217Ia 4500
003 GCL
008 140319s9999 xx 000 0 ara d
040 _aGCL /
_cGCL
082 0 4 _a791.435
_bى ب
100 1 _aيعقوب وهبى
245 1 0 _aبانوراما السينما المصرية 1989 /
_cيعقوب وهبى
260 _a[S.N] :
_bوزارة الثقافة صندوق التنمية الثقافية
300 _a111 ص
490 _a
650 0 4 _aالافلام السينمائية
650 0 4 _aالسينما
650 0 4 _aمسابقات
650 0 4 _aالتصوير السينمائى
650 0 4 _aالسينمائيون المصريون
942 _2ddc
_cBK
999 _c36628
_d36628